LEADER 01207nam a22002531i 4500 001 991003515599707536 005 20030829153420.0 008 031111s1970 gw |||||||||||||||||ger 035 $ab12437438-39ule_inst 035 $aARCHE-047072$9ExL 040 $aDip.to Lingue$bita$cA.t.i. Arché s.c.r.l. Pandora Sicilia s.r.l. 100 1 $aVries, Jan :$cde$0141673 245 10$aEinleitung - Vorgeschichtliche Perioden Religiose Grundlagen des Lebens Seelen - und geisterglaube - Macht und Kraft das Heilige und die Kulturformen /$cvon Jan de Vries 250 $a3., unveranderte Auflage 260 $aBerlin :$bW. de Gruyter,$c1970 300 $aXLIX, 505 p. ;$c23 cm 440 0$aAltgermanische Religionsgeschichte ;$v1 650 4$aReligione germanica$xStoria 907 $a.b12437438$b02-04-14$c13-11-03 912 $a991003515599707536 945 $aLE012 F.G. 650$cV. 1$g1$i2012000061132$lle012$o-$pE0.00$q-$rl$s- $t0$u0$v0$w0$x0$y.i12863300$z13-11-03 996 $aEinleitung - Vorgeschichtliche Perioden Religiose Grundlagen des Lebens Seelen - und geisterglaube - Macht und Kraft das Heilige und die Kulturformen$9165860 997 $aUNISALENTO 998 $ale012$b13-11-03$cm$da $e-$fger$ggw $h0$i1